ბათუმის შოთა რუსთაველის სახელმწიფო უნივერსიტეტის ბიბლიოთეკა

The Logic of Japanese Politics : (ბიბ.ჩანაწერი № 63973)

000 -LEADER
fixed length control field 00622nam a22001817a 4500
005 - DATE AND TIME OF LATEST TRANSACTION
control field 20260302124225.0
008 - FIXED-LENGTH DATA ELEMENTS--GENERAL INFORMATION
fixed length control field 260302s1999 enk||||| |||| 00| 0 geo d
020 ## - INTERNATIONAL STANDARD BOOK NUMBER
International Standard Book Number ‎9780231108430x
041 ## - LANGUAGE CODE
Language code of text/sound track or separate title eng
080 ## - UNIVERSAL DECIMAL CLASSIFICATION NUMBER
Universal Decimal Classification number 32(520) : 316.334.3(520) C-95
100 ## - MAIN ENTRY--PERSONAL NAME
Personal name Curtis, Gerald L.
9 (RLIN) 27024
245 ## - TITLE STATEMENT
Title The Logic of Japanese Politics :
Remainder of title Leaders, institutions, and the limits of change /
Statement of responsibility, etc. Gerald L. Curtis.
264 ## - PRODUCTION, PUBLICATION, DISTRIBUTION, MANUFACTURE, AND COPYRIGHT NOTICE
Place of production, publication, distribution, manufacture New York :
Name of producer, publisher, distributor, manufacturer Columbia University Press,
Date of production, publication, distribution, manufacture, or copyright notice 1999.
300 ## - PHYSICAL DESCRIPTION
Extent 303 p. :
Other physical details ill. ;
Dimensions 24 cm.
653 ## - INDEX TERM--UNCONTROLLED
keyword იაპონია
653 ## - INDEX TERM--UNCONTROLLED
keyword პოლიტიკა
942 ## - ADDED ENTRY ELEMENTS (KOHA)
Source of classification or shelving scheme
Koha item type წიგნი
ეგზემპლარები
Withdrawn status Lost status Source of classification or shelving scheme Damaged status Not for loan Permanent Location Current Location Shelving location Date acquired Cost, normal purchase price Full call number Barcode Date last seen Copy number Uniform Resource Identifier Price effective from Koha item type Public note
          ბათუმის შოთა რუსთაველის სახელმწიფო უნივერსიტეტის მთავარი ბიბლიოთეკა ბათუმის შოთა რუსთაველის სახელმწიფო უნივერსიტეტის მთავარი ბიბლიოთეკა წიგნსაცავი 2026-03-02 12.00 32(520) : 316.334.3(520) C-95 73848 2026-03-02 73848 იაპონიის ელჩის საჩუქარი 2026-03-02 წიგნი 12 ლ.